Fictional Metals and Materials Quiz Stats

 Plays Quiz Updated Jan 24, 2012

Score 0/25 Timer 08:00
3 Plays Today
Clue Answer % Correct
DC comics & movies: An extra-terrestrial material, usually green, that weakens or can kill natives of the source planetKryptonite
73.9%
Star Wars: The material in which Han Solo was frozen when hauled off to Jabba The Hut.Carbonite
58.9%
Marvel Comics: A virtually indestructible metal alloy bonded to Wolverine's skeletonAdamantium
56.7%
Avatar: The mineral mined on Pandora that causes mountains to float.Unobtainium
55%
Lord of the Rings: A light, silver-like but impervious metal used for armorMithril
47.8%
The Absent-Minded Professor: Invention of Prof. Ned Brainard, a substance that gains energy when it strikes a hard surface.Flubber
36.8%
DC Comics: The material in Wonder Woman's bracelets, named after her warrior race.Amazonium
28.2%
Star Wars: A material or possible microscopic life form, that resides in all living cells and can communicate with The Force.Midi-chlorians
27.1%
Powerpuff Girls: A mysterious additive that gave the Girls their powers.Chemical X
24.3%
Star Trek (TV): A crystalline mineral that can regulate warp drives.Dilithium
22.4%
H.G. Wells books: A material that can block the effect of gravity, named after its discoverer, Dr Cavor.Cavorite
18.3%
Marvel Comics: Metal exclusive to Wakanda or Antarctica which absorbs all kinetic energy directed at it.Vibranium
18.1%
Transformers: The primary power source for the robots and their craft.Energon
12.9%
Clue Answer % Correct
Kurt Vonnegut's 'Cat's Cradle': A polymorph of H2O that freezes at temperatures below 114°F/46°C.Ice-nine
11.2%
Star Trek IV: A non-opaque form of an actual metal used for starship portholes and other see-through partitions.Transparent aluminum
9.7%
Dune: A spice that can extend human life, cause prescience and fold space. It smells like cinnamon.Melange
7.3%
Metroid: A highly radioactive & mutagenic substance from the planet Phaaze.Phazon
6.7%
Norse mythology: The magical metal used in the creation of Mjolnir, Thor's hammer.Uru
6%
Star Trek (TV): A non-existant substance that could bounce destructive force back at the sender.
A strategic manoever was named for it.
Corbomite
5.5%
Rocky & Bullwinkle: A lighter-than-air metal that gets it name from the phrase often used when playfully tossing children in the air.Upsidaisium
4.7%
16th century: A substance once believed by scientists to be in all flammable materials, and which could be released by burning.phlogiston
4.7%
RuneScape: A light-blue immensely strong metal common to many types of armor.Runite
4.7%
Futurama: An element so massive its atoms can be seen by the unaided eye.Jumbonium
3.7%
Ayn Rand's 'Atlas Shrugged': Greenish-blue metal alloy, that was lighter and stronger than steel.Rearden Metal
3.3%
Stargate SG-1: A rare, superheavy metal that can amplify energy. The Stargates are composed of it.Naqahdah
3.1%

You're not logged in!

Compare scores with friends on all Sporcle quizzes.
OR
Log In

Sporcle TV

Today on Sporcle TV


Watch our educational content, quiz creation guides, and fun videos on Sporcle TV.

Show Comments

Extras

Top Quizzes Today


Score Distribution

Your Account Isn't Verified!

In order to create a playlist on Sporcle, you need to verify the email address you used during registration. Go to your Sporcle Settings to finish the process.

Report this User

Report this user for behavior that violates our Community Guidelines.

Details: